| 000 | nam a22 7a 4500 | ||
|---|---|---|---|
| 999 |
_c342263 _d342263 |
||
| 003 | NUST | ||
| 005 | 20171215093047.0 | ||
| 008 | 171215b xxu||||| |||| 00| 0 eng d | ||
| 020 | _a8123908008 | ||
| 040 | _c0 | ||
| 082 | _a660.6 VYA | ||
| 100 |
_aVyas,S.P. _97308 |
||
| 245 |
_aMethods in Biotechnology and Bioengineering: _bfor pharmacy and other biosciences _cS.P.Vyas |
||
| 260 |
_aDarya Ganj, New Delhi _bCBS Publishers _c2003. |
||
| 300 | _a326p. | ||
| 500 | _aH.B | ||
| 942 |
_2ddc _cBK _kIESE |
||